[Event "ARG-ch U18 Girls"]
[Site "Ibague"]
[Date "2024.03.16"]
[Round "5"]
[White "Lopez Mahecha, Natalia"]
[Black "Gomez Araque, Laura Sofia"]
[Result "1-0"]
[WhiteElo "1625"]
[BlackElo "1587"]
[PlyCount "89"]
[EventDate "2024.03.14"]
[EventType "swiss"]
[EventRounds "7"]
[EventCountry "COL"]
[SourceTitle "CB12_2024"]
[SourceDate "2023.10.01"]
[SourceVersion "1"]
[SourceVersionDate "2023.10.01"]
[SourceQuality "1"]

1. e4 c5 2. Nf3 d6 3. d4 cxd4 4. Nxd4 Nf6 5. f3 a6 6. c4 e5 7. Nc2 Be7 8. Be2 Be6 9. Be3 0-0 10. 0-0 Nbd7 11. Nc3 Rc8 12. Nd5 Nc5 13. Qd2 Nfd7 14. Rfd1 Nb6 15. Nxb6 Qxb6 16. b4 Nxe4 17. Bxb6 Nxd2 18. Rxd2 Bxc4 19. a4 d5 20. Bxc4 Rxc4 21. Ne3 Rc6 22. Nxd5 Bxb4 23. Rb2 Bc3 24. Nxc3 Rxc3 25. Ba5 Rc6 26. Rxb7 Rfc8 27. Rab1 Rc1+ 28. Rxc1 Rxc1+ 29. Kf2 h6 30. Bb6 Rc2+ 31. Kg3 Rc3 32. a5 e4 33. Re7 Rc8 34. Rxe4 Ra8 35. Re7 f6 36. Ra7 Rxa7 37. Bxa7 Kf7 38. Kf4 Ke6 39. h4 g5+ 40. hxg5 hxg5+ 41. Ke4 f5+ 42. Kd4 Kd6 43. g4 fxg4 44. fxg4 Kc6 45. Ke5 1-0

[Event "ARG-ch U18 Girls"]
[Site "Ibague"]
[Date "2024.03.15"]
[Round "3"]
[White "Callejas Riano, Natalia Catherine"]
[Black "Gomez Araque, Laura Sofia"]
[Result "1/2-1/2"]
[WhiteElo "1470"]
[BlackElo "1587"]
[PlyCount "95"]
[EventDate "2024.03.14"]
[EventType "swiss"]
[EventRounds "7"]
[EventCountry "COL"]
[SourceTitle "CB12_2024"]
[SourceDate "2023.10.01"]
[SourceVersion "1"]
[SourceVersionDate "2023.10.01"]
[SourceQuality "1"]

1. e4 c5 2. Nf3 d6 3. d4 cxd4 4. Nxd4 Nf6 5. Nc3 a6 6. Be2 e6 7. 0-0 Be7 8. h3 0-0 9. Be3 b5 10. a3 Bb7 11. Bf3 Nbd7 12. Nde2 Ne5 13. Ng3 Nc4 14. Rb1 Rc8 15. Bd2 d5 16. exd5 Nxd5 17. Nxd5 Bxd5 18. Bxd5 Qxd5 19. Bc3 Qxd1 20. Rbxd1 Nxa3 21. Bxg7 Kxg7 22. bxa3 Bxa3 23. Ra1 b4 24. Ra2 Rfd8 25. Ne4 Rd4 26. Re1 Rdc4 27. c3 R4c6 28. cxb4 Bxb4 29. Ree2 a5 30. Nd2 Rc2 31. Nb3 Rxe2 32. Rxe2 a4 33. Re4 axb3 34. Rxb4 Rc1+ 35. Kh2 Rb1 36. Kg3 Kf6 37. f4 b2 38. Kf2 h6 39. Kg3 Kg6 40. Kh4 f5 41. Rb6 Rf1 42. Rxb2 Rxf4+ 43. Kg3 Rc4 44. Rb3 h5 45. Kf3 e5 46. g3 Rc6 47. Re3 e4+ 48. Kf4 1/2-1/2

[Event "ARG-ch U18 Girls"]
[Site "Ibague"]
[Date "2024.03.15"]
[Round "2"]
[White "Gomez Araque, Laura Sofia"]
[Black "Melo Diaz, Karol Sofia"]
[Result "1-0"]
[WhiteElo "1587"]
[BlackElo "1500"]
[PlyCount "57"]
[EventDate "2024.03.14"]
[EventType "swiss"]
[EventRounds "7"]
[EventCountry "COL"]
[SourceTitle "CB12_2024"]
[SourceDate "2023.10.01"]
[SourceVersion "1"]
[SourceVersionDate "2023.10.01"]
[SourceQuality "1"]

1. e4 e5 2. Nf3 d6 3. d4 Bg4 4. dxe5 Nd7 5. exd6 Bxd6 6. Nc3 Ne5 7. Be2 Qf6 8. Nxe5 0-0-0 9. Bxg4+ Kb8 10. Nd7+ Rxd7 11. Bxd7 Bc5 12. 0-0 Qh4 13. Qf3 Nf6 14. Qh3 Qxh3 15. Bxh3 g5 16. Bxg5 Nh5 17. Rad1 a6 18. Rd8+ Rxd8 19. Bxd8 Nf4 20. Bf5 b6 21. Nd5 Ne2+ 22. Kh1 h5 23. Bxc7+ Kb7 24. c3 h4 25. Bg4 Ng3+ 26. fxg3 hxg3 27. Bxg3 a5 28. Rxf7+ Kc6 29. Rc7+ 1-0

[Event "Bucaramanga Santander-ch"]
[Site "Bucaramanga"]
[Date "2024.03.09"]
[Round "4"]
[White "Gomez Araque, Laura Sofia"]
[Black "Reyes Sanabria, Cesar Gabriel"]
[Result "0-1"]
[WhiteElo "1587"]
[BlackElo "1551"]
[PlyCount "49"]
[EventDate "2024.03.08"]
[EventType "swiss"]
[EventRounds "7"]
[EventCountry "COL"]
[SourceTitle "CB13_2024"]
[SourceDate "2024.03.27"]
[SourceVersion "1"]
[SourceVersionDate "2024.03.27"]
[SourceQuality "1"]

1. e4 e5 2. Nf3 Nc6 3. d4 exd4 4. Bc4 d6 5. Nxd4 Nf6 6. 0-0 Be7 7. Bb5 Bd7 8. Nc3 0-0 9. Be3 a6 10. Bc4 Nxd4 11. Qxd4 b5 12. Be2 c5 13. Qd3 Bc6 14. f3 b4 15. Nd5 Nxd5 16. exd5 Bb7 17. c4 Bf6 18. Rab1 Re8 19. Rfe1 Rxe3 20. Qd2 Bd4 21. Kh1 Qf6 22. b3 g6 23. Bd3 Rxe1+ 24. Qxe1 Be5 25. Qe4 0-1

[Event "COL-chT (Women)"]
[Site "Risaralda"]
[Date "2023.11.21"]
[Round "5.3"]
[White "Caicedo Anguila, Juliana Andrea"]
[Black "Gomez Araque, Laura Sofia"]
[Result "1-0"]
[WhiteElo "1695"]
[BlackElo "1239"]
[PlyCount "32"]
[EventDate "2023.11.19"]
[EventType "team-swiss"]
[EventRounds "7"]
[EventCountry "COL"]
[SourceTitle "CB49_2023"]
[SourceDate "2023.12.06"]
[SourceVersion "1"]
[SourceVersionDate "2023.12.06"]
[SourceQuality "1"]
[WhiteTeam "Atlantico (W)"]
[BlackTeam "Santander (W)"]
[WhiteTeamCountry "COL"]
[BlackTeamCountry "COL"]

1. e4 c5 2. c3 d5 3. exd5 Qxd5 4. d4 Nf6 5. Nf3 Nc6 6. Bd3 e6 7. 0-0 cxd4 8. cxd4 Be7 9. Nc3 Qd6 10. h3 0-0 11. Bc2 b6 12. a3 Rd8 13. Be3 Bb7 14. Qd3 Rac8 15. Rfd1 Qb8 16. Ne4 g6 1-0

[Event "Medellin Flores op 30th"]
[Site "Medellin"]
[Date "2023.08.05"]
[Round "4"]
[White "Gonzalez Ospina, Juan Guillermo"]
[Black "Gomez Araque, Laura Sofia"]
[Result "0-1"]
[WhiteElo "1328"]
[BlackElo "1173"]
[PlyCount "60"]
[EventDate "2023.08.03"]
[EventType "swiss"]
[EventRounds "9"]
[EventCountry "COL"]
[SourceTitle "EXT 2024"]
[Source "ChessBase"]
[SourceDate "2023.10.10"]
[SourceVersion "1"]
[SourceVersionDate "2023.10.10"]
[SourceQuality "1"]

1. e4 c5 2. Nf3 d6 3. Bb5+ Bd7 4. Nc3 Nf6 5. d3 Nc6 6. Bg5 e6 7. 0-0 Be7 8. Qe2 a6 9. Ba4 0-0 10. Rae1 Rb8 11. a3 Qc7 12. b4 cxb4 13. axb4 Nxb4 14. Bxd7 Qxd7 15. Rc1 Rfc8 16. Nh4 h6 17. Bf4 Rxc3 18. Qd2 Rbc8 19. Rfd1 Qa4 20. g3 Rxc2 21. Rxc2 Rxc2 22. Qc1 Rxc1 23. Rxc1 g5 24. Bxg5 hxg5 25. Nf3 Nxd3 26. Rd1 Qxd1+ 27. Kg2 g4 28. Ng5 Ne1+ 29. Kf1 Nf3+ 30. Kg2 Qg1# 0-1

[Event "COL-ch U14 Girls"]
[Site "Cartagena"]
[Date "2023.04.15"]
[Round "5"]
[White "Gomez Araque, Laura Sofia"]
[Black "Morales Perez, Ghisell"]
[Result "0-1"]
[WhiteElo "1223"]
[BlackElo "1390"]
[PlyCount "92"]
[EventDate "2023.04.13"]
[EventType "swiss"]
[EventRounds "7"]
[EventCountry "COL"]
[SourceTitle "CBM 213 Extra"]
[Source "ChessBase"]
[SourceDate "2023.05.31"]
[SourceVersion "1"]
[SourceVersionDate "2023.05.31"]
[SourceQuality "1"]

1. e4 c5 2. Nf3 d6 3. d4 cxd4 4. Nxd4 Nf6 5. Nc3 a6 6. Bg5 e6 7. f4 Be7 8. Qf3 Qc7 9. 0-0-0 Nbd7 10. g4 h6 11. Bxf6 Bxf6 12. g5 hxg5 13. fxg5 Bxg5+ 14. Kb1 Ne5 15. Qg3 Bf6 16. Be2 Bd7 17. h4 0-0-0 18. h5 Kb8 19. Bf3 Qb6 20. Nb3 Bc6 21. Be2 Qc7 22. Nd4 Qb6 23. Qe3 Qc5 24. Qg1 Kc7 25. Qf1 Rh6 26. Rh2 Nd7 27. Nb3 Qb6 28. Qf4 Be5 29. Qxf7 Rf8 30. Qe7 Bxh2 31. Bc4 Rff6 32. Nd4 Be5 33. Nxe6+ Kb8 34. Qe8+ Ka7 35. Bb3 Nc5 36. Qg8 Nxe6 37. Qc8 Rf8 38. Qxe6 Rxe6 39. Bxe6 Bxc3 40. Bb3 a5 41. bxc3 a4 42. Rxd6 axb3 43. cxb3 Bxe4+ 44. Kb2 Rf2+ 45. Kc1 Qe3+ 46. Kd1 Bc2# 0-1

[Event "Medellin Feria de las Flores op"]
[Site "Medellin"]
[Date "2022.08.04"]
[Round "2"]
[White "Giraldo, Emanuel"]
[Black "Gomez Araque, Laura Sofia"]
[Result "1-0"]
[WhiteElo "1734"]
[BlackElo "1258"]
[PlyCount "65"]
[EventDate "2022.08.03"]
[EventType "swiss"]
[EventRounds "9"]
[EventCountry "COL"]
[SourceTitle "CBM 209 Extra"]
[Source "ChessBase"]
[SourceDate "2022.09.30"]
[SourceVersion "1"]
[SourceVersionDate "2022.09.30"]
[SourceQuality "1"]

1. e4 c5 2. Nf3 d6 3. d4 cxd4 4. Nxd4 Nf6 5. Nc3 g6 6. Be3 Bg7 7. f3 0-0 8. Qd2 Nc6 9. 0-0-0 Bd7 10. g4 Rc8 11. h4 h5 12. Bh6 Nxd4 13. Bxg7 Kxg7 14. Qxd4 hxg4 15. Be2 gxf3 16. Bxf3 Qa5 17. h5 Qe5 18. Qd2 Rh8 19. hxg6 fxg6 20. Rdg1 Be6 21. Rg5 Rxh1+ 22. Bxh1 Qxg5 23. Qxg5 Rc5 24. Nd5 Bxd5 25. exd5 e6 26. b4 Rb5 27. a4 Rxb4 28. dxe6 Rxa4 29. Bxb7 Ra1+ 30. Kb2 Ra4 31. Qd2 Ne4 32. Bxe4 Rxe4 33. Qxd6 1-0

[Event "Bucaramanga Santander-ch"]
[Site "Bucaramanga"]
[Date "2022.04.10"]
[Round "5"]
[White "Parada Medina, Julian Fernando"]
[Black "Gomez Araque, Laura Sofia"]
[Result "1-0"]
[WhiteElo "1625"]
[BlackElo "1439"]
[PlyCount "77"]
[EventDate "2022.04.08"]
[EventType "swiss"]
[EventRounds "8"]
[EventCountry "COL"]
[SourceTitle "CBM 207 Extra"]
[Source "ChessBase"]
[SourceDate "2022.05.31"]
[SourceVersion "1"]
[SourceVersionDate "2022.05.31"]
[SourceQuality "1"]

1. e4 c5 2. Nc3 d6 3. f4 Nf6 4. Nf3 Nc6 5. Bb5 Bd7 6. 0-0 a6 7. Bxc6 Bxc6 8. d3 e6 9. Qe1 Be7 10. Qg3 g6 11. Bd2 Qb6 12. Nd1 Bd7 13. Qe1 Rc8 14. Kh1 h5 15. Bc3 Rh6 16. Ne3 Ng4 17. h3 Qd8 18. hxg4 hxg4+ 19. Nh2 Bh4 20. g3 Bf6 21. Bxf6 Qxf6 22. Nexg4 Qh8 23. Nxh6 Qxh6 24. Kg2 e5 25. f5 Ke7 26. Qc1 Qh7 27. Qg5+ f6 28. Qxg6 Qxg6 29. fxg6 Rh8 30. Rf5 Bxf5 31. exf5 d5 32. Ng4 c4 33. Rh1 Rg8 34. Rh7+ Kf8 35. Rxb7 e4 36. dxe4 d4 37. e5 d3 38. exf6 dxc2 39. Rb8# 1-0

[Event "COL Subzt 2.3.4 (Women)"]
[Site "Risarald"]
[Date "2021.11.25"]
[Round "4"]
[White "Arcos Jojoa, Angela Sofia"]
[Black "Gomez Araque, Laura Sofia"]
[Result "0-1"]
[WhiteElo "1418"]
[BlackElo "1254"]
[PlyCount "54"]
[EventDate "2021.11.23"]
[EventType "swiss"]
[EventRounds "9"]
[EventCountry "COL"]
[SourceTitle "CBM 205 Extra"]
[Source "ChessBase"]
[SourceDate "2022.01.31"]
[SourceVersion "1"]
[SourceVersionDate "2022.01.31"]
[SourceQuality "1"]

1. e4 c5 2. Nf3 d6 3. d4 cxd4 4. Nxd4 Nf6 5. Nc3 g6 6. f3 Bg7 7. Be3 Nc6 8. Nb3 0-0 9. Qd2 Bd7 10. 0-0-0 Rc8 11. g4 Ne5 12. Nd4 Qa5 13. h4 Nc4 14. Bxc4 Rxc4 15. Nb3 Qa6 16. h5 Rfc8 17. hxg6 fxg6 18. Kb1 b5 19. Bh6 b4 20. Nd5 Rxc2 21. Nxf6+ Bxf6 22. Qd5+ e6 23. Qxd6 Rxb2+ 24. Ka1 Rxb3+ 25. Rd4 Qxd6 26. axb3 Qxd4+ 27. Ka2 Qb2# 0-1

[Event "Bogota Bonita op"]
[Site "Bogota"]
[Date "2019.09.27"]
[Round "2"]
[White "Gomez Araque, Laura Sofia"]
[Black "Lozano Mogollon, Juan Guillermo"]
[Result "0-1"]
[WhiteElo "1249"]
[BlackElo "1692"]
[PlyCount "33"]
[EventDate "2019.09.26"]
[EventType "swiss"]
[EventRounds "7"]
[EventCountry "COL"]
[SourceTitle "EXT 2020"]
[Source "ChessBase"]
[SourceDate "2019.10.17"]
[SourceVersion "1"]
[SourceVersionDate "2019.10.17"]
[SourceQuality "1"]

1. e4 e6 2. Nf3 d5 3. d3 dxe4 4. dxe4 Qxd1+ 5. Kxd1 Bc5 6. Bb5+ Bd7 7. Bxd7+ Nxd7 8. Ke2 0-0-0 9. Be3 f5 10. Bxc5 Nxc5 11. exf5 exf5 12. Re1 Nf6 13. Kf1 Nfe4 14. Nc3 Nd2+ 15. Nxd2 Rxd2 16. Rac1 Ne4 17. Ne2 0-1

[Event "East Region-ch U10"]
[Site "Medellin"]
[Date "2012.04.07"]
[Round "4.7"]
[White "Garces Jaramillo, David"]
[Black "Gomez Araque, Laura Sofia"]
[Result "1-0"]
[WhiteElo "1355"]
[BlackElo "1329"]
[PlyCount "43"]
[EventDate "2012.04.05"]
[EventType "swiss"]
[EventRounds "6"]
[EventCountry "COL"]
[SourceTitle "EXT 2024"]
[Source "ChessBase"]
[SourceDate "2023.10.10"]
[SourceVersion "1"]
[SourceVersionDate "2023.10.10"]
[SourceQuality "1"]

1. e4 d5 2. exd5 Nf6 3. c4 c6 4. Nc3 cxd5 5. Nf3 dxc4 6. Bxc4 Nc6 7. 0-0 Bf5 8. Re1 e6 9. d4 Nb4 10. Bg5 Nc2 11. Bxf6 Qxf6 12. Bb5+ Kd8 13. d5 e5 14. Rxe5 Bd6 15. Re2 Nxa1 16. Qxa1 Bg4 17. Qe1 Kc7 18. Ne4 Qg6 19. Qc1+ Kb6 20. Nh4 Rac8 21. Qe3+ Kxb5 22. Nxg6 1-0

[Event "East Region-ch U10"]
[Site "Medellin"]
[Date "2012.04.07"]
[Round "5.6"]
[White "Gomez Araque, Laura Sofia"]
[Black "Moreno Bolanos, Nicolas"]
[Result "1-0"]
[WhiteElo "1329"]
[BlackElo "1281"]
[PlyCount "49"]
[EventDate "2012.04.05"]
[EventType "swiss"]
[EventRounds "6"]
[EventCountry "COL"]
[SourceTitle "EXT 2024"]
[Source "ChessBase"]
[SourceDate "2023.10.10"]
[SourceVersion "1"]
[SourceVersionDate "2023.10.10"]
[SourceQuality "1"]

1. d4 d5 2. e4 c6 3. exd5 cxd5 4. Bd3 Nc6 5. c3 e6 6. Bf4 Bd6 7. Bg3 Bxg3 8. hxg3 h6 9. Nf3 Nf6 10. Nbd2 0-0 11. Qc2 Re8 12. 0-0-0 Ng4 13. Rdf1 e5 14. dxe5 Ncxe5 15. Bh7+ Kf8 16. Nh4 Nf6 17. Re1 Neg4 18. Rxe8+ Qxe8 19. Re1 Be6 20. f3 Nxh7 21. Qxh7 Nf6 22. Qh8+ Ng8 23. Nf5 Bxf5 24. Rxe8+ Rxe8 25. Kd1 1-0

[Event "East Region-ch U08"]
[Site "Medellin"]
[Date "2012.04.??"]
[Round "2.2"]
[White "Avila Pavas, Santiago"]
[Black "Gomez Araque, Laura Sofia"]
[Result "1-0"]
[WhiteElo "1352"]
[BlackElo "1329"]
[PlyCount "70"]
[EventDate "2012.04.28"]
[EventType "tourn"]
[EventRounds "5"]
[EventCountry "COL"]
[SourceTitle "EXT 2024"]
[Source "ChessBase"]
[SourceDate "2023.10.10"]
[SourceVersion "1"]
[SourceVersionDate "2023.10.10"]
[SourceQuality "1"]

1. e4 c6 2. d4 d5 3. Nc3 dxe4 4. Nxe4 Bf5 5. Ng3 Bg6 6. h4 h6 7. Nf3 Nd7 8. h5 Bh7 9. Bd3 e6 10. Bxh7 Rxh7 11. Qd3 Rh8 12. Bd2 c5 13. dxc5 Nxc5 14. Qxd8+ Rxd8 15. 0-0-0 Bd6 16. Bb4 b6 17. Bc3 Nf6 18. Kb1 Nce4 19. Nxe4 Nxe4 20. Bxg7 Rh7 21. Bd4 Bf4 22. Rhf1 Ke7 23. Rd3 f5 24. Re1 Rd5 25. c4 Rd6 26. g3 Bg5 27. Ne5 Bf6 28. Ng6+ Kf7 29. Red1 Bxd4 30. Rxd4 Rxd4 31. Rxd4 Nxf2 32. Rd7+ Kf6 33. Rxh7 e5 34. Rxa7 Kg5 35. Kc2 Ng4 1-0

[Event "East Region-ch U08"]
[Site "Medellin"]
[Date "2012.04.??"]
[Round "4.1"]
[White "Gomez Araque, Laura Sofia"]
[Black "Jimenez, Joseph"]
[Result "1-0"]
[WhiteElo "1329"]
[BlackElo "1365"]
[PlyCount "53"]
[EventDate "2012.04.28"]
[EventType "tourn"]
[EventRounds "5"]
[EventCountry "COL"]
[SourceTitle "EXT 2024"]
[Source "ChessBase"]
[SourceDate "2023.10.10"]
[SourceVersion "1"]
[SourceVersionDate "2023.10.10"]
[SourceQuality "1"]

1. d4 Nf6 2. Nf3 c5 3. d5 d6 4. Bg5 h6 5. Bh4 e6 6. Nc3 exd5 7. Nxd5 Qa5+ 8. c3 Nxd5 9. Qxd5 Nc6 10. Qd2 Bf5 11. e3 Be7 12. Bxe7 Nxe7 13. Bc4 Qb6 14. b3 0-0 15. 0-0 Be4 16. Ne1 d5 17. Be2 Rad8 18. f3 Bf5 19. Nc2 d4 20. exd4 cxd4 21. Nxd4 Nc6 22. Qf4 Nxd4 23. cxd4 Rxd4 24. Qe3 Rd6 25. Qxb6 Rxb6 26. Rac1 Ra6 27. Rfe1 1-0